Countries With the Word "And" in Their Names - Statistics

General Stats
  • This quiz has been taken 131 times
  • The average score is 13 of 19
Answer Stats
Continent Countries % Correct
Europe Bosnia andHerzegovina
91%
North America Saint Kittsand Nevis
85%
North America Saint Vincent andthe Grenadines
85%
North America Trinidad andTobago
83%
North America Antigua andBarbuda
81%
Europe Finland
75%
Europe Iceland
75%
Europe Ireland
75%
Europe Poland
72%
Europe Andorra
70%
Oceania New Zealand
70%
Africa Sao Tome andPrincipe
70%
Europe Switzerland
69%
Europe Netherlands
66%
Asia Thailand
63%
Oceania Marshall Islands
62%
Oceania Solomon Islands
62%
Africa Uganda
45%
Africa Rwanda
41%
No matching quizzes found
Score Distribution
Percent of People with Each Score
Percentile by Number Answered
Your Score History
You have not taken this quiz